000
00330nam a2200133Ia 4500
005
20251222143216.0
008
251222s9999||||xx |||||||||||||| ||spa||
020
_a
84-7784-455-0
082
_a
868.6/M64
100
_a
Miró, Gabriel
245
0
_a
Hilván de Escenas
264
_b
Diputación Provincial de Alicante
942
_c
LIB
999
_c
13641
_d
13641